Superman Characters Blitz Quiz Stats

 Plays Quiz Updated Jun 29, 2018

Also try: Superman Villains
Challenge
Share
Tweet
Score 0/16 Timer 01:00
7 Plays Today
% Correct
Superman
93.3%
Supergirl
92.8%
Lois Lane
92.4%
Lex Luthor
91.4%
Martha Kent
89.7%
Jimmy Olsen
87.5%
Jor-El
78%
Steel
73.6%
% Correct
Brainiac
72.1%
General Zod
66.4%
Bizarro
63.8%
Darkseid
62.6%
Krypto
57.6%
Lobo
56.4%
Parasite
54.4%
Metallo
39.3%

You're not logged in!

Compare scores with friends on all Sporcle quizzes.
OR
Log In

You Might Also Like...

Show Comments

Extras

Top Quizzes Today


Score Distribution

Your Account Isn't Verified!

In order to create a playlist on Sporcle, you need to verify the email address you used during registration. Go to your Sporcle Settings to finish the process.

Report this User

Report this user for behavior that violates our Community Guidelines.

Details: